Musique par lettre - D - Statistiques

Statistiques générales
  • Ce quiz a été pris 6 512 fois
  • Le résultat moyen est 10 sur 15
Statistiques - réponses
Questions Réponses % Correct
Chanteuse-rappeuse française, des années 2000, auteur-interprète de "La boulette", "Jeune demoiselle"... Diam's
96%
Célèbre duo français casqué de musique électronique Daft Punk
95%
Tube latino de 2017, interprété par Luis Fonsi et Daddy Yankee Despacito
91%
Nom du film dans lequel Patrick Swayze danse sur la chanson "Time of my life" Dirty Dancing
84%
Tube emblématique du groupe suédois ABBA et de l'ère disco Dancing Queen
80%
Chanteuse française, au look androgyne, interprète de "Voyage, voyage" Desireless
70%
Chanteur-rappeur canadien, interprète de "One Dance", "In My Feelings"... Drake
69%
Groupe composé de Beyoncé Knowles, Kelly Rowland et Michelle Williams Destiny's Child
65%
Titre d'une chanson de Queen, commençant par "Tonight, I'm gonna have myself a real good time I feel alive and the world I'll turn it inside out, yeah..." Don't Stop Me Now
64%
Titre de la chanson qui a fait connaitre la chanteuse autralienne Tones and I en 2019 Dance Monkey
61%
Instrument de percussion africain, composé d'un fût de bois et d'une peau de chèvre ou d'antilope tendue Djembé
57%
Chanteur français, membre du trio "Les Vieilles Canailles" Jacques Dutronc
43%
Groupe américain, interprète de "Light my Fire", "Riders on the Storm"... The Doors
37%
Titre d'une chanson du groupe Aerosmith, définie comme "Power ballad" Dream On
27%
Chanteuse et musicienne anglaise, auteur-interprète de "White Flag", "Thank you"... Dido
25%
Aucun quiz correspondant
Distribution des résultats
% des personnes avec chaque résultat
Percentile par nombre de réponses
Votre historique - résultats
Vous n’avez pas pris ce quiz